The economics of casino gambling /

Bibliographic Details
Main Author: Walker, Douglas M.
Corporate Author: SpringerLink (Online service)
Format: eBook
Language:English
Published: [Berlin] ; [New York] : Springer, [2007]
Subjects:
Online Access:Connect to the full text of this electronic book

MARC

Tag First Indicator Second Indicator Subfields
LEADER 00000cam a2200000Ia 4500
001 in00002367553
005 20210810090506.0
006 m d
007 cr cn|||||||||
008 080128s2007 gw sb 001 0 eng d
019 |a 175285338 
020 |a 3540351043 
020 |a 9783540351047 
035 |a (OCoLC)191466878  |z (OCoLC)175285338 
035 |a (OCoLC)ocn191466878 
037 |a 978-3-540-35102-3  |b Springer  |n http://www.springerlink.com 
040 |a GW5XE  |c GW5XE  |d YDXCP  |d UtOrBLW 
043 |a n-us--- 
049 |a TEFA 
050 1 4 |a HV6711  |b .W35 2007eb 
072 7 |a GV  |2 lcco 
072 7 |a HJ  |2 lcco 
082 0 4 |a 338.47795  |b W15E  |2 22 
100 1 |a Walker, Douglas M.  |0 http://id.loc.gov/authorities/names/n2007031509 
245 1 4 |a The economics of casino gambling /  |c Douglas M. Walker. 
264 1 |a [Berlin] ;  |a [New York] :  |b Springer,  |c [2007] 
264 4 |c ©2007 
300 |a xii, 207 pages ;  |c 24 cm. 
336 |a text  |b txt  |2 rdacontent 
337 |a computer  |b c  |2 rdamedia 
338 |a online resource  |b cr  |2 rdacarrier 
500 |a Electronic resource. 
504 |a Includes bibliographical references (pages [189]-203) and index. 
533 |a Electronic reproduction.  |b New York :  |c Springer,  |d 2008.  |n Mode of access: World Wide Web.  |n System requirements: Web browser.  |n Title from title screen (viewed on Jan. 24, 2008).  |n Access may be restricted to users at subscribing institutions. 
650 0 |a Casinos  |x Economic aspects  |z United States. 
650 0 |a Gambling  |x Economic aspects  |z United States. 
655 7 |a Electronic books.  |2 local 
710 2 |a SpringerLink (Online service)  |0 http://id.loc.gov/authorities/names/no2005046756 
776 1 |c Original  |z 9783540351023  |z 3540351027  |w (DLC) 2006939527  |w (OCoLC)82900373 
856 4 0 |u http://proxy.library.tamu.edu/login?url=https://dx.doi.org/10.1007/978-3-540-35104-7  |z Connect to the full text of this electronic book  |t 0 
938 |a YBP Library Services  |b YANK  |n 2717533 
994 |a C0  |b TEF 
999 |a MARS 
999 f f |s 00ec1307-ea15-3e3c-9632-b0a5ad9baea4  |i 9489e308-4057-3b5c-9e92-3d0c35e988b8  |t 0 
952 f f |a Texas A&M University  |b College Station  |c Electronic Resources  |d Available Online  |t 0  |e HV6711 .W35 2007eb  |h Library of Congress classification 
998 f f |a HV6711 .W35 2007eb  |t 0  |l Available Online